| 000 | 00718nam a2200193Ia 4500 | ||
|---|---|---|---|
| 008 | 151121s9999||||xx |||||||||||||| ||und|| | ||
| 082 | _a812/परदे | ||
| 082 | _bHNW-38185 | ||
| 100 | _aपरदेशी दिलीप | ||
| 245 | _aमहाद्वार आणि इतर एकांकिका | ||
| 260 | _b"मनोरा प्रकाशन, पुणे।" | ||
| 260 | _c-- | ||
| 300 | _a111 | ||
| 600 | _aपरदेशी दिलीप | ||
| 630 | _aमहाद्वार आणि इतर एकांकिका | ||
| 700 | _aपरदेशी दिलीप | ||
| 730 | _aमहाद्वार आणि इतर एकांकिका | ||
| 942 | _cBOOK | ||
| 999 |
_c1229134 _d1229131 |
||